000
00311nam a2200133Ia 4500
100
_a
Coad Peter
650
_a
Automobiles
942
_c
RB
245
_a
Object Models : Strategies Patterns & Application
260
_b
Yourdon Press
_a
New Jersey
_c
1995
300
_a
505
546
_a
ENGLISH
999
_c
33973
_d
33973